| 000 | 00440pab a2200133 454500 | ||
|---|---|---|---|
| 008 | 180718b xxu||||| |||| 00| 0 eng d | ||
| 100 | _aSarkar Kanchan | ||
| 245 | _aSocial change and trade union in a plantation system | ||
| 362 | _a74(2), Jun 1994, p.193-202 | ||
| 650 | _a Tea Plantation Workers -- India -- West Bengal | ||
| 650 | _aTrade Unions -- Tea Plantation Workers -- India -- West Bengal | ||
| 773 | _aMan in India | ||
| 909 | _a27646 | ||
| 999 |
_c27646 _d27646 |
||